000 00314nam a22001337a 4500
008 170313b xxu||||| |||| 00| 0 eng d
020 _a0812111346
041 _aeng
080 _24 ED
_a591
100 _a7
101 _aSHM
245 _aVETERINARY ENDOCRINOLODY AND REPRODUCRION
_cMCDONALD.LE
942 _2udc
_cBK
999 _c7658
_d7658